000 00558nam a2200169Ia 4500
003 GCL
008 140319s9999 xx 000 0 ara d
040 _aGCL /
_cGCL
082 0 4 _a250
_bات
100 1 _aاحمد بن حجر الشافعى السلفى
245 1 0 _aتطهير الجنان والاركان عن درن الشرك والكفران /
_cاحمد بن حجر الشافعى السلفى
260 _a[S.N] :
_bمكتبة زهران ،
_c1990
300 _a62 ص
490 _a
650 0 4 _aالفقه الاسلامى
942 _2ddc
_cBK
999 _c53165
_d53165